00555cam a22002291 4500001001300000003000400013005001700017008004100034010001700075020001200092025001900104035001900123040002000142050001200162082000800174100001700182245003400199260003700233300002300270650001500293999001700308sa 67005943 DLC20260227112402.0770330s1966 pk 000 0aeng  asa 67005943  cRs 3.00 aPL480:P-E-1171 a(OCoLC)2848520 aDLCcNcWsWdDLC00aD8b.H300a9091 aHaye, Kh. A.10aGreat lives,cby Kh. A. Haye. aKarachi,bPatwa Printersc[1966] avi, 100 p.c22 cm. 0aBiography. c75563d75563